000 00550nab a2200217 a 4500
001 22791
003 72548
005 20201118100245.0
008 ||||||n9999 ||| || ||
041 _aspa
100 _aBrodzinsky, Sibylla
245 0 _aRedes regionales
260 _aChile :
_bGrupo Nanbei,
_c1993.
300 _app. 49-56
562 _e0
650 _aEMPRESAS TRANSNACIONALES
650 _aSERVICIOS DE COMUNICACIONES
650 _aSISTEMA DE COMUNICACIONES
773 _022787
_aAmérica Economía - No.71
942 _cSART
999 _c22791
_d22791